Troy Τροία

Το 1193 π.Χ. ο θρυλικός μαχητής Αχιλλέας, διεκδικεί τη δική του θέση στην αιωνιότητα οδηγώντας τον Ελληνικό στρατό κατά της Τροίας του βασιλιά Πριάμου. Αιτία η αρπαγή της ωραίας Ελένης από τον νεαρό Τρώα πρίγκιπα Πάρη. Ο διάδοχος του τρωικού θρόνου και αδελφός του Πάρη, Έκτορας θα αναλάβει να αντιμε...

Πλήρης περιγραφή

Αποθηκεύτηκε σε:
Λεπτομέρειες βιβλιογραφικής εγγραφής
Άλλοι συγγραφείς: Petersen, Wolfgang (Διευθυντής), Pitt, Brad, 1963- (Ηθοποιός), Bana, Eric (Ηθοποιός), Bloom, Orlando, 1977- (Ηθοποιός)
Μορφή: Διαφάνειες
Γλώσσα:English
Greek
Δημοσίευση: [Χ.τ.] : Helena Productions, 2004.
Θέματα:
Ετικέτες: Προσθήκη ετικέτας
Δεν υπάρχουν, Καταχωρήστε ετικέτα πρώτοι!

MARC

LEADER 00000cgm a2200000 a 4500
001 1/121612
008 200623s2004####xx ||| | || ||eng||
040 |a GR-MyUa  |b gre  |c GR-MyUa  |e AACR2 
041 0 |a eng  |j gre 
082 7 |a 791.437   |2 (23) 
245 0 0 |a Troy   |h [μαγνητοσκόπηση] =   |b Τροία /   |c μια ταινία του Βόνφγκανγκ Πήτερσεν. 
246 1 |i Παράλληλος τίτλος:   |a Τροία 
260 |a [Χ.τ.] :   |b Helena Productions,   |c 2004. 
300 |a 1 βιντεοδίσκος (156 λεπτά) :   |b ομίλ., έγχρ. ;   |c 4 3/4 ίν. 
500 |a Κυκλοφόρησε πρώτη φορά ως κινηματογραφική ταινία το 2004. 
508 |a Μουσική, James Horner ; μοντάζ, Peter Honess ; σχεδιασμός παραγωγής, Nigel Phelps ; διευθυντής φωτογραφίας, Roger Pratt ; σενάριο, David Benioff ; παραγωγή, Wolfgang Petersen, Diana Rathbun, Colin Wilson.  
511 0 |a Brad Pitt, Eric Bana, Orlando Bloom, Diane Kruger, Brian Cox, Sean Bean, Brendan Gleeson, Peter O'Toole. 
520 8 |a Το 1193 π.Χ. ο θρυλικός μαχητής Αχιλλέας, διεκδικεί τη δική του θέση στην αιωνιότητα οδηγώντας τον Ελληνικό στρατό κατά της Τροίας του βασιλιά Πριάμου. Αιτία η αρπαγή της ωραίας Ελένης από τον νεαρό Τρώα πρίγκιπα Πάρη. Ο διάδοχος του τρωικού θρόνου και αδελφός του Πάρη, Έκτορας θα αναλάβει να αντιμετωπίσει τον μαινόμενο μαχητή Αχιλλέα σε έναν από τους ιστορικότερους πολέμους όλων των εποχών. 
546 |a Στα αγγλικά με υπότιτλους στα ελληνικά. 
650 0 |a Trojan War  |v Drama. 
655 7 |a Feature films  |2 lcgft 
700 1 |a Petersen, Wolfgang,  |e drt 
700 1 |a Pitt, Brad,   |d 1963-  |e act 
700 1 |a Bana, Eric,  |e act 
700 1 |a Bloom, Orlando,   |d 1977-  |e act 
852 |a INST  |b SYROS  |c AV  |e 20200623  |h 791.437 PET  |p 005500014913  |q 005500014913  |t DVD  |y 23 
920 |a Κοντού  |b Δέσποινα  |y Σύρος  |z 2020-06 
970 |a Κοντού  |b Παρασκευή  |z 23/06/2020